La multifuncionalidad de los sistemas agroalimentarios locales en zonas rurales de países en desarrollo: el caso de la agroindustria panelera colombiana /
La multifuncionalidad (MF) de la agricultura tradicionalmente ha sido abordada desde la perspectiva de países desarrollados y muy pocas veces se ha analizado en el contexto de países en desarrollo. En el presente estudio, mediante un trabajo de campo que consulta a varios actores sociales, identific...
Guardado en:
| Hovedforfatter: | |
|---|---|
| Andre forfattere: | |
| Format: | Texto |
| Fag: | |
| Tags: |
Tilføj Tag
Ingen Tags, Vær først til at tagge denne postø!
|
MARC
| LEADER | 00000 a a2200000 04500 | ||
|---|---|---|---|
| 001 | 12641 | ||
| 003 | |||
| 040 | |||
| 100 | |a Rodríguez-Borray, Gonzalo | ||
| 245 | |a La multifuncionalidad de los sistemas agroalimentarios locales en zonas rurales de países en desarrollo: |b el caso de la agroindustria panelera colombiana / |c Gonzalo Rodríguez-Borray ; Denis Requier-Desjardins | ||
| 520 | |a La multifuncionalidad (MF) de la agricultura tradicionalmente ha sido abordada desde la perspectiva de países desarrollados y muy pocas veces se ha analizado en el contexto de países en desarrollo. En el presente estudio, mediante un trabajo de campo que consulta a varios actores sociales, identifica la presencia de múltiples funciones sociales, económicas y ambientales relevantes que van más allá de la función productiva en el caso de la agroindustria de la panela (caña de azúcar no centrifugado) en Colombia y establece características diferenciales en la relevancia y ámbito de estas funciones en tres sistemas agroalimentarios local (SIAL) de la panela. Finalmente, a partir de estos hallazgos plantea nuevos retos de investigación para la medición de la MF y para el diseño de políticas basada en la MF que permitan activar y fortalecer los SIAL de paises en desarrollo | ||
| 650 | |a AGRICULTURA | ||
| 650 | |a MEDIO RURAL | ||
| 650 | |a PAISES EN DESARROLLO | ||
| 700 | |a Requier-Desjardins, Denis | ||
| 773 | |g volumen 9 (1 -2), número 17; páginas 113-125 | ||
| 999 | |c 32742 |d 32742 | ||
